书目信息 |
| 题名: |
国家公务员依法行政培训读本
|
|
| 作者: | 傅思明 , 张宝林 主编 | |
| 分册: | ||
| 出版信息: | 北京 中共中央党校出版社 2006 |
|
| 页数: | 310页 | |
| 开本: | 21cm | |
| 丛书名: | ||
| 单 册: | ||
| 中图分类: | D922.11 | |
| 科图分类: | ||
| 主题词: | 行政执法--中国--干部教育--教材 , 行政执法 | |
| 电子资源: | ||
| ISBN: | 7-5035-3491-5 | |
| 000 | 00903nam0 2200265 450 | |
| 001 | 1255930078 | |
| 005 | 20121003153301.33 | |
| 010 | @a7-5035-3491-5@dCNY19.00 | |
| 100 | @a20060426d2006 em y0chiy50 ea | |
| 101 | 0 | @achi |
| 102 | @aCN@b110000 | |
| 105 | @ay z 000yy | |
| 200 | 1 | @a国家公务员依法行政培训读本@Aguo jia gong wu yuan yi fa xing zheng pei xun du ben@f傅思明主编 |
| 210 | @a北京@c中共中央党校出版社@d2006 | |
| 215 | @a310页@d21cm | |
| 300 | @a国家公务员培训系列教材 | |
| 304 | @a封面题:傅思明、张宝林主编 | |
| 330 | @a本书说公务员依法行政必须掌握的法律基本知识和基本内容,按法学基本原理、宪法、行政法、等七个方面进行阐述。 | |
| 606 | 0 | @a行政执法@y中国@x干部教育@j教材 |
| 606 | 0 | @a行政执法 |
| 690 | @aD922.11@v4 | |
| 701 | 0 | @a傅思明@Afu si ming@4主编 |
| 701 | 0 | @a张宝林@Azhang bao lin@c(机关建设)@4主编 |
| 801 | 0 | @aCN@bNLC@c20101222 |
| 905 | @a10447@dD922.11@eJY86 | |
| 国家公务员依法行政培训读本/傅思明主编.-北京:中共中央党校出版社,2006 |
| 310页;21cm |
| 国家公务员培训系列教材 |
| ISBN 7-5035-3491-5:CNY19.00 |
| 本书说公务员依法行政必须掌握的法律基本知识和基本内容,按法学基本原理、宪法、行政法、等七个方面进行阐述。 |
| ● |
| 相关链接 |
|
|
|
|
正题名:国家公务员依法行政培训读本
索取号:D922.11/JY86
 
预约/预借
| 序号 | 登录号 | 条形码 | 馆藏地/架位号 | 状态 | 备注 |
| 1 | 7813061 | 278130611 | 学院路分馆/ [索取号:D922.11/JY86] | 在馆 | |
| 2 | 7813062 | 278130620 | 学院路分馆/ [索取号:D922.11/JY86] | 在馆 |